Heretics (Record no. 229821)
[ view plain ]
| 000 -LEADER | |
|---|---|
| fixed length control field | 01418cam a22002533a 4500 |
| 001 - CONTROL NUMBER | |
| control field | 470 |
| 003 - CONTROL NUMBER IDENTIFIER | |
| control field | PGUSA |
| 005 - DATE AND TIME OF LATEST TRANSACTION | |
| control field | 20140828082948.0 |
| 008 - FIXED-LENGTH DATA ELEMENTS--GENERAL INFORMATION | |
| fixed length control field | 960301s1996||||xxu|||||s|||||000 | eng d |
| 040 ## - CATALOGING SOURCE | |
| Original cataloging agency | PGUSA |
| Language of cataloging | eng |
| 042 ## - AUTHENTICATION CODE | |
| Authentication code | dc |
| 050 #4 - LIBRARY OF CONGRESS CALL NUMBER | |
| Classification number | PR |
| 100 1# - MAIN ENTRY--PERSONAL NAME | |
| Personal name | Chesterton, G. K. |
| Fuller form of name | (Gilbert Keith), |
| Dates associated with a name | 1874-1936 |
| 245 10 - TITLE STATEMENT | |
| Title | Heretics |
| Medium | [electronic resource] / |
| Statement of responsibility, etc | G. K. Chesterton |
| 260 ## - PUBLICATION, DISTRIBUTION, ETC. (IMPRINT) | |
| Name of publisher, distributor, etc | Project Gutenberg, |
| Date of publication, distribution, etc | 1996 |
| 505 0# - FORMATTED CONTENTS NOTE | |
| Formatted contents note | Introductory remarks on the importance of orthodoxy -- On the negative spirit -- On Mr. Rudyard Kipling and making the world small -- Mr. Bernard Shaw -- Mr. H.G. Wells and the giants -- Christmas and the aesthetes -- Omar and the sacred vine -- The mildness of the yellow press -- The moods of Mr. George Moore -- On sandals and simplicity -- Science and the savages -- Paganism and Mr. Lowes Dickinson -- Celts and celtophiles -- On certain modern writers and the institution of the family -- On smart novelists and the smart set -- On Mr. McCabe and a divine frivolity -- On the wit of Whistler -- The fallacy of the young nation -- Slum novelists and the slums -- Concluding remarks on the importance of orthodoxy. |
| 506 ## - RESTRICTIONS ON ACCESS NOTE | |
| Terms governing access | Public domain in the USA. |
| 516 ## - TYPE OF COMPUTER FILE OR DATA NOTE | |
| Type of computer file or data note | Electronic text |
| 653 ## - INDEX TERM--UNCONTROLLED | |
| Uncontrolled term | Chesterton, G. K. (Gilbert Keith), 1874-1936 |
| 653 ## - INDEX TERM--UNCONTROLLED | |
| Uncontrolled term | Apologetics |
| 830 #0 - SERIES ADDED ENTRY--UNIFORM TITLE | |
| Uniform title | Project Gutenberg |
| Volume number/sequential designation | 470 |
| 856 40 - ELECTRONIC LOCATION AND ACCESS | |
| Uniform Resource Identifier | <a href="http://www.gutenberg.org/ebooks/470">http://www.gutenberg.org/ebooks/470</a> |
| 942 ## - ADDED ENTRY ELEMENTS (KOHA) | |
| Koha item type | eBooks |
| Withdrawn status | Lost status | Damaged status | Home library | Current library | Date acquired | Total Checkouts | Date last seen | Price effective from | Koha item type |
|---|---|---|---|---|---|---|---|---|---|
| Project Gutenberg | Project Gutenberg | 08/28/2014 | 08/28/2014 | 08/28/2014 | eBooks |